[Event "Colombo Mercantile op 11th"]
[Site "Colombo"]
[Date "2023.04.30"]
[Round "5"]
[White "Tennakoon, ILK"]
[Black "Chandrasiri, SAK"]
[Result "0-1"]
[WhiteElo "1441"]
[BlackElo "1723"]
[PlyCount "102"]
[EventDate "2023.04.28"]
[EventType "swiss"]
[EventRounds "7"]
[EventCountry "SRI"]
[SourceTitle "CBM 214 Extra"]
[Source "ChessBase"]
[SourceDate "2023.07.31"]
[SourceVersion "1"]
[SourceVersionDate "2023.07.31"]
[SourceQuality "1"]

1. e4 c5 2. d4 cxd4 3. Nf3 d6 4. c3 dxc3 5. Nxc3 Nc6 6. Bc4 Nf6 7. e5 dxe5 8. Qxd8+ Kxd8 9. Ng5 Be6 10. Bxe6 fxe6 11. Nf7+ Ke8 12. Nxh8 g6 13. 0-0 Bg7 14. Nxg6 hxg6 15. Re1 Kf7 16. Ne4 Nd5 17. Ng5+ Kf6 18. Ne4+ Kf7 19. g4 Nd4 20. Rd1 Rh8 21. Kg2 Rc8 22. Rb1 Nf4+ 23. Bxf4 exf4 24. Rbc1 f3+ 25. Kh1 Nc6 26. Ng5+ Kg8 27. Nxe6 Bxb2 28. Rb1 Be5 29. Rxb7 Nd4 30. Nxd4 Bxd4 31. Rd7 Bb6 32. h3 e5 33. R7d2 e4 34. Rb2 Kf7 35. Re1 Rc4 36. Rf1 Kf6 37. Rd2 Ke5 38. Kh2 Kf4 39. Rd6 Rc2 40. Rxg6 e3 41. Rf6+ Ke4 42. Kg3 Bc7+ 43. Kh4 Rxf2 44. Re6+ Kd5 45. Rxe3 Rxf1 46. g5 f2 47. Rf3 Rg1 48. Rxf2 Bg3+ 49. Kh5 Bxf2 50. g6 Ke6 51. Kh6 Kf6 0-1

[Event "Olympiad Women-41"]
[Site "Tromsoe"]
[Date "2014.08.11"]
[Round "9.1"]
[White "Chandrasiri, SAK"]
[Black "Wang, Chengjia"]
[Result "0-1"]
[WhiteElo "1777"]
[BlackElo "1989"]
[PlyCount "82"]
[EventDate "2014.08.02"]
[EventType "team-swiss"]
[EventRounds "11"]
[EventCountry "NOR"]
[SourceTitle "CBM 162"]
[Source "ChessBase"]
[SourceDate "2014.09.17"]
[SourceVersion "1"]
[SourceVersionDate "2014.09.17"]
[SourceQuality "1"]
[WhiteTeam "Sri Lanka (W)"]
[BlackTeam "South Korea (W)"]
[WhiteTeamCountry "SRI"]
[BlackTeamCountry "KOR"]

1. d4 d5 2. c4 c6 3. Nc3 Nf6 4. cxd5 cxd5 5. Nf3 Nc6 6. e3 a6 7. Bd3 e6 8. 0-0 Bb4 9. a3 Bxc3 10. bxc3 0-0 11. a4 Qc7 12. Ba3 Rd8 13. Rb1 Rb8 14. Qc2 e5 15. e4 Bg4 16. dxe5 Nxe5 17. Nxe5 Qxe5 18. f4 Qe6 19. e5 Ne4 20. Bxe4 dxe4 21. h3 Bf5 22. g4 Qg6 23. Bd6 Rbc8 24. Kh2 Bd7 25. Rxb7 Qh6 26. Kg3 Bxa4 27. Qb2 Bb5 28. Re1 g5 29. Qd2 gxf4+ 30. Kh2 Bc6 31. Re7 e3 32. Qa2 Qg6 33. Rf1 f3 34. Kg3 Rxd6 35. Qxf7+ Qxf7 36. Rxf7 Kxf7 37. exd6 e2 38. Ra1 Ke6 39. Kf2 Kxd6 40. Rxa6 Re8 41. Ra1 Ke5 0-1

[Event "Olympiad Women-41"]
[Site "Tromsoe"]
[Date "2014.08.05"]
[Round "4.1"]
[White "Samaganova, Alexandra"]
[Black "Chandrasiri, SAK"]
[Result "1-0"]
[WhiteElo "2012"]
[BlackElo "1777"]
[PlyCount "165"]
[EventDate "2014.08.02"]
[EventType "team-swiss"]
[EventRounds "11"]
[EventCountry "NOR"]
[SourceTitle "CBM 162"]
[Source "ChessBase"]
[SourceDate "2014.09.17"]
[SourceVersion "1"]
[SourceVersionDate "2014.09.17"]
[SourceQuality "1"]
[WhiteTeam "Kyrgyzstan (W)"]
[BlackTeam "Sri Lanka (W)"]
[WhiteTeamCountry "KGZ"]
[BlackTeamCountry "SRI"]

1. c4 c5 2. Nc3 Nc6 3. g3 g6 4. Bg2 Bg7 5. Rb1 e5 6. a3 Nge7 7. b4 d6 8. d3 0-0 9. Bd2 Rb8 10. Qc1 Be6 11. bxc5 dxc5 12. Nf3 Qd7 13. h4 Bg4 14. Bh6 Nd4 15. Bxg7 Bxf3 16. Bxf8 Bxg2 17. Rh2 Rxf8 18. Rxg2 f5 19. f3 b6 20. Kf2 Qe6 21. Kg1 Nc8 22. Qd1 Qc6 23. Nd5 Qe6 24. e3 Nc6 25. Qd2 N8e7 26. Nxe7+ Qxe7 27. Re1 Qd6 28. Qc2 Rd8 29. Rd1 Na5 30. Kh2 Qc6 31. Rf2 Qe6 32. Re2 Qd6 33. f4 e4 34. d4 Nc6 35. d5 Na5 36. Qc3 Re8 37. Rb2 Kf7 38. Rg1 h5 39. Rgb1 Qf6 40. Qc2 Re7 41. Kh3 Rd7 42. Rb5 Rd6 43. Kg2 Nb7 44. Kf2 Ke7 45. Ke2 Rd7 46. a4 Nd6 47. R5b3 Nb7 48. Qa2 Na5 49. Ra3 Rd6 50. Qc2 Qh8 51. Rb5 Qf6 52. Rc3 Qh8 53. Qd2 Qf6 54. Rc1 Nb7 55. Rcb1 Rd7 56. a5 Nd6 57. axb6 axb6 58. Rxb6 Nxc4 59. Rxf6 Nxd2 60. Rbb6 Nc4 61. Rbe6+ Kd8 62. d6 Kc8 63. Rf8+ Kb7 64. Re7 Kc6 65. Rc8+ Kxd6 66. Rxd7+ Kxd7 67. Rxc5 Nb6 68. Kd2 Kd6 69. Rc1 Nd5 70. Rc8 Ne7 71. Ra8 Kd5 72. Kc3 Kc5 73. Ra5+ Kd6 74. Ra6+ Kd5 75. Rf6 Kc5 76. Re6 Nd5+ 77. Kd2 Nc7 78. Rxg6 Ne8 79. Rg5 Nd6 80. Rxh5 Kd5 81. g4 Ke6 82. gxf5+ Nxf5 83. Rxf5 1-0

[Event "Olympiad Women-41"]
[Site "Tromsoe"]
[Date "2014.08.02"]
[Round "1.1"]
[White "Chandrasiri, SAK"]
[Black "Cramling, Pia"]
[Result "0-1"]
[WhiteElo "1777"]
[BlackElo "2500"]
[PlyCount "62"]
[EventDate "2014.08.02"]
[EventType "team-swiss"]
[EventRounds "11"]
[EventCountry "NOR"]
[SourceTitle "CBM 162"]
[Source "ChessBase"]
[SourceDate "2014.09.17"]
[SourceVersion "1"]
[SourceVersionDate "2014.09.17"]
[SourceQuality "1"]
[WhiteTeam "Sri Lanka (W)"]
[BlackTeam "Sweden (W)"]
[WhiteTeamCountry "SRI"]
[BlackTeamCountry "SWE"]

1. d4 Nf6 2. c4 e6 3. Nc3 Bb4 4. e3 0-0 5. Nge2 c6 6. Qc2 d5 7. cxd5 exd5 8. Bd2 Re8 9. Ng3 a5 10. Bd3 Nbd7 11. 0-0 Nf8 12. a3 Bd6 13. Nce2 h5 14. Rfe1 h4 15. Nf1 Ne4 16. Nc3 f5 17. f3 Nxd2 18. Qxd2 Qf6 19. Bc2 Ne6 20. Rad1 Ng5 21. Qf2 Rf8 22. Qe2 h3 23. f4 hxg2 24. Qxg2 Ne4 25. Nxe4 fxe4 26. Bb3 Kh8 27. Ng3 Qh6 28. Bc2 Bg4 29. Rc1 Bf3 30. Qf2 g5 31. Bd1 gxf4 0-1

[Event "SRI-ch (Women)"]
[Site "Colombo"]
[Date "2014.03.21"]
[Round "8"]
[White "Mendis, Dasuni Hansika"]
[Black "Chandrasiri, SAK"]
[Result "1-0"]
[WhiteElo "1589"]
[BlackElo "1756"]
[PlyCount "71"]
[EventDate "2014.03.15"]
[EventType "tourn"]
[EventRounds "13"]
[EventCountry "SRI"]
[SourceTitle "CBM 159 Extra"]
[Source "ChessBase"]
[SourceDate "2014.04.24"]
[SourceVersion "1"]
[SourceVersionDate "2014.04.24"]
[SourceQuality "1"]

1. d4 d5 2. c4 c6 3. Nf3 Nf6 4. e3 e6 5. Nbd2 Be7 6. b3 0-0 7. Bd3 Nbd7 8. 0-0 c5 9. Bb2 b6 10. Ne5 Bb7 11. cxd5 exd5 12. f4 Ne4 13. Qc2 Ndf6 14. Rad1 Rc8 15. Qb1 cxd4 16. Bxd4 Bb4 17. Nxe4 dxe4 18. Bc4 Qe7 19. Ba1 Bc5 20. Rfe1 a6 21. a4 b5 22. axb5 axb5 23. Bxb5 Bxe3+ 24. Rxe3 Qc5 25. Nc4 Qxb5 26. Bxf6 gxf6 27. Qb2 Rc6 28. Rxe4 Rfc8 29. Qb1 Qc5+ 30. Kh1 Qf2 31. Rf1 Qh4 32. Na5 R6c7 33. Nxb7 Rxb7 34. Re3 Rb5 35. Rh3 Qg4 36. Rg3 1-0

[Event "SRI-ch (Women)"]
[Site "Colombo"]
[Date "2014.03.17"]
[Round "5"]
[White "Chandrasiri, SAK"]
[Black "Thilakawardana, Supeshala"]
[Result "1/2-1/2"]
[WhiteElo "1756"]
[BlackElo "1765"]
[PlyCount "73"]
[EventDate "2014.03.15"]
[EventType "tourn"]
[EventRounds "13"]
[EventCountry "SRI"]
[SourceTitle "CBM 159 Extra"]
[Source "ChessBase"]
[SourceDate "2014.04.24"]
[SourceVersion "1"]
[SourceVersionDate "2014.04.24"]
[SourceQuality "1"]

1. d4 Nf6 2. c4 e6 3. Nc3 Bb4 4. a3 Bxc3+ 5. bxc3 b6 6. f3 Ba6 7. e4 Nc6 8. Bd3 Na5 9. Qe2 Nb3 10. Rb1 Nxc1 11. Rxc1 Qe7 12. Ra1 d6 13. Nh3 c5 14. 0-0 Nd7 15. f4 Bb7 16. Rae1 e5 17. fxe5 dxe5 18. d5 f6 19. Qh5+ Kd8 20. Qd1 Nf8 21. Be2 Qd6 22. Nf2 Ng6 23. Nd3 Bc8 24. Bg4 Ne7 25. Bxc8 Nxc8 26. Rf2 Qd7 27. Rb2 Nd6 28. Qb3 Ke7 29. Rbe2 Rab8 30. a4 Rhc8 31. Nb2 Rd8 32. Qc2 Qb7 33. Qd3 a5 34. Qh3 h6 35. Rf2 Qd7 36. Qg3 Rg8 37. Rc2 1/2-1/2

[Event "SRI-chB (Women)"]
[Site "Colombo"]
[Date "2014.02.28"]
[Round "6"]
[White "Abeywardena, NT."]
[Black "Chandrasiri, SAK"]
[Result "0-1"]
[WhiteElo "1731"]
[BlackElo "1757"]
[PlyCount "71"]
[EventDate "2014.02.26"]
[EventType "swiss"]
[EventRounds "10"]
[EventCountry "SRI"]
[SourceTitle "CBM 159 Extra"]
[Source "ChessBase"]
[SourceDate "2014.04.24"]
[SourceVersion "1"]
[SourceVersionDate "2014.04.24"]
[SourceQuality "1"]

1. d4 Nf6 2. c4 g6 3. Nc3 d5 4. cxd5 Nxd5 5. e4 Nxc3 6. bxc3 Bg7 7. Bc4 0-0 8. Ne2 c5 9. 0-0 Nc6 10. Be3 Na5 11. Bd3 cxd4 12. cxd4 Be6 13. Qa4 a6 14. Rac1 b5 15. Qc2 Rc8 16. Qb1 Nc4 17. e5 Nxe3 18. fxe3 Bh6 19. Nf4 Qa5 20. Rxc8 Rxc8 21. Nxe6 Bxe3+ 22. Kh1 Qa3 23. Nc5 Bxd4 24. e6 Qxc5 25. exf7+ Kg7 26. Qb3 Bf6 27. h3 Qc3 28. Qd5 Qc6 29. Be4 Qc5 30. Rd1 Qxd5 31. Bxd5 Rd8 32. Kg1 e6 33. Bb3 Rxd1+ 34. Bxd1 Kxf7 35. Kf2 Be5 36. Ke3 0-1

[Event "SRI-chB (Women)"]
[Site "Colombo"]
[Date "2014.02.28"]
[Round "5"]
[White "Chandrasiri, SAK"]
[Black "Ranasinghe, Thinithi Sahanika"]
[Result "1-0"]
[WhiteElo "1757"]
[BlackElo "1567"]
[PlyCount "70"]
[EventDate "2014.02.26"]
[EventType "swiss"]
[EventRounds "10"]
[EventCountry "SRI"]
[SourceTitle "CBM 159 Extra"]
[Source "ChessBase"]
[SourceDate "2014.04.24"]
[SourceVersion "1"]
[SourceVersionDate "2014.04.24"]
[SourceQuality "1"]

1. d4 d5 2. c4 c6 3. e3 e6 4. Nc3 Nf6 5. Nf3 Nbd7 6. cxd5 exd5 7. Bd3 Bd6 8. 0-0 0-0 9. b3 Re8 10. Qc2 Qe7 11. Bb2 Ne4 12. Ne2 f5 13. Ng3 g6 14. b4 Ng5 15. b5 cxb5 16. Bxb5 Nxf3+ 17. gxf3 f4 18. exf4 Bxf4 19. Qc3 Qf7 20. Rfe1 Rxe1+ 21. Rxe1 a6 22. Qa3 Bg5 23. Ba4 Rb8 24. Ne4 Be7 25. Qe3 Nb6 26. Ng5 Bxg5 27. Qxg5 Bf5 28. Re7 Qf8 29. Ba3 Nxa4 30. Qe3 b5 31. Bd6 Rc8 32. Qe5 Nc3 33. Rc7 Rxc7 34. Bxf8 Kxf8 35. Qxc7 Nxa2 1-0

[Event "SRI-chB (Women)"]
[Site "Colombo"]
[Date "2014.02.27"]
[Round "3"]
[White "Chandrasiri, SAK"]
[Black "Fernando, E Roshitha MR"]
[Result "1-0"]
[WhiteElo "1757"]
[BlackElo "1521"]
[PlyCount "43"]
[EventDate "2014.02.26"]
[EventType "swiss"]
[EventRounds "10"]
[EventCountry "SRI"]
[SourceTitle "CBM 159 Extra"]
[Source "ChessBase"]
[SourceDate "2014.04.24"]
[SourceVersion "1"]
[SourceVersionDate "2014.04.24"]
[SourceQuality "1"]

1. d4 d5 2. c4 Nc6 3. e3 Nf6 4. Nc3 e6 5. Nf3 Be7 6. Bd3 0-0 7. 0-0 b6 8. b3 Bb7 9. Bb2 Bd6 10. cxd5 Nxd5 11. a3 Nde7 12. h4 h6 13. Qc2 a6 14. Rad1 Qc8 15. e4 f6 16. Ne2 e5 17. d5 Na7 18. Ng3 Qd7 19. Be2 Rac8 20. Nh2 c6 21. Bg4 Qc7 22. Bxc8 1-0

[Event "SRI-chB (Women)"]
[Site "Colombo"]
[Date "2014.02.26"]
[Round "2"]
[White "Sathya, Sanduni"]
[Black "Chandrasiri, SAK"]
[Result "0-1"]
[WhiteElo "1431"]
[BlackElo "1757"]
[PlyCount "68"]
[EventDate "2014.02.26"]
[EventType "swiss"]
[EventRounds "10"]
[EventCountry "SRI"]
[SourceTitle "CBM 159 Extra"]
[Source "ChessBase"]
[SourceDate "2014.04.24"]
[SourceVersion "1"]
[SourceVersionDate "2014.04.24"]
[SourceQuality "1"]

1. e4 c5 2. Nf3 d6 3. d4 cxd4 4. Nxd4 Nf6 5. Nc3 a6 6. Be2 e6 7. Be3 Be7 8. 0-0 0-0 9. Qd2 Qc7 10. f4 Nbd7 11. f5 Ne5 12. h3 b5 13. a3 Nc4 14. Bxc4 bxc4 15. Rae1 Rb8 16. Rb1 Qb7 17. Bg5 Rd8 18. Bxf6 Bxf6 19. fxe6 fxe6 20. Nf3 Qb6+ 21. Kh1 Qc5 22. Nh2 Bb7 23. Ng4 Be7 24. Qe1 h5 25. Ne3 Bg5 26. Ned1 Rf8 27. Rxf8+ Rxf8 28. b4 Qd4 29. b5 Bd2 30. Ne2 Qxe4 31. Qg1 Qxe2 32. Nb2 Be3 33. Re1 Bxg2+ 34. Qxg2 Qxe1+ 0-1

[Event "Wch U16 Girls"]
[Site "Maribor"]
[Date "2012.11.16"]
[Round "9.32"]
[White "Aseeva, Anastasia"]
[Black "Chandrasiri, SAK"]
[Result "1-0"]
[WhiteElo "2023"]
[BlackElo "1771"]
[PlyCount "69"]
[EventDate "2012.11.08"]
[EventType "swiss"]
[EventRounds "11"]
[EventCountry "SLO"]
[SourceTitle "EXT 2013"]
[Source "ChessBase"]
[SourceDate "2012.11.22"]
[SourceVersion "1"]
[SourceVersionDate "2012.11.22"]
[SourceQuality "1"]

1. d4 Nf6 2. c4 g6 3. Nc3 Bg7 4. e4 d6 5. f4 0-0 6. Be2 Nbd7 7. Nf3 c5 8. d5 Nb6 9. 0-0 Bg4 10. Qd3 Bd7 11. Bd2 a6 12. Rae1 Na4 13. b3 Nxc3 14. Bxc3 b5 15. e5 Ng4 16. h3 Nh6 17. g4 bxc4 18. bxc4 Qc8 19. Nd2 dxe5 20. fxe5 f6 21. e6 Ba4 22. Ne4 f5 23. Bxg7 Kxg7 24. Qc3+ Kg8 25. g5 Ng4 26. hxg4 fxe4 27. Rxf8+ Qxf8 28. Rf1 Qg7 29. Qxg7+ Kxg7 30. Rf7+ Kg8 31. Rxe7 Rb8 32. d6 Kf8 33. Rxh7 Be8 34. d7 Bxd7 35. Rh8+ 1-0

[Event "SRI-ch (Women)"]
[Site "Colombo"]
[Date "2012.03.31"]
[Round "11"]
[White "Chandrasiri, SAK"]
[Black "De Silva, Shelani"]
[Result "1/2-1/2"]
[WhiteElo "1669"]
[BlackElo "1559"]
[PlyCount "63"]
[EventDate "2012.03.23"]
[EventType "tourn"]
[EventRounds "11"]
[EventCountry "SRI"]
[SourceTitle "EXT 2013"]
[Source "ChessBase"]
[SourceDate "2012.11.22"]
[SourceVersion "1"]
[SourceVersionDate "2012.11.22"]
[SourceQuality "1"]

1. d4 Nf6 2. c4 g6 3. Nc3 Bg7 4. e4 d6 5. Nf3 0-0 6. Be2 Nbd7 7. 0-0 e5 8. d5 Ne8 9. b4 f5 10. Ne1 f4 11. Nd3 Ndf6 12. c5 Rf7 13. a4 Bf8 14. Qc2 Rg7 15. b5 g5 16. cxd6 cxd6 17. Qb3 g4 18. Nxf4 exf4 19. Bxf4 Nh5 20. Bg3 Rg6 21. Bd3 Rh6 22. Rae1 Nxg3 23. fxg3 Qg5 24. Rf4 Bg7 25. Ne2 Be5 26. Rff1 Qh5 27. Kf2 Rf6+ 28. Kg1 Rh6 29. Kf2 Rf6+ 30. Kg1 Rh6 31. Kf2 Rf6+ 32. Kg1 1/2-1/2

[Event "SRI-ch (Women)"]
[Site "Colombo"]
[Date "2012.03.29"]
[Round "7"]
[White "Chandrasiri, SAK"]
[Black "Premanath, Dinushki"]
[Result "0-1"]
[WhiteElo "1669"]
[BlackElo "1882"]
[PlyCount "116"]
[EventDate "2012.03.23"]
[EventType "tourn"]
[EventRounds "11"]
[EventCountry "SRI"]
[SourceTitle "EXT 2013"]
[Source "ChessBase"]
[SourceDate "2012.11.22"]
[SourceVersion "1"]
[SourceVersionDate "2012.11.22"]
[SourceQuality "1"]

1. d4 Nf6 2. c4 g6 3. Nc3 d5 4. cxd5 Nxd5 5. e4 Nxc3 6. bxc3 Bg7 7. Nf3 c5 8. Be3 Nc6 9. h3 0-0 10. Be2 Qa5 11. Bd2 cxd4 12. cxd4 Qa3 13. Be3 Qb4+ 14. Kf1 Qd6 15. Qd2 b6 16. Bh6 Rd8 17. Bxg7 Kxg7 18. Rd1 Bb7 19. h4 h5 20. Rh3 Bc8 21. Rg3 Bg4 22. Qc3 Bxf3 23. Bxf3 Nxd4 24. Bxh5 e5 25. Bg4 Qf6 26. h5 Qh4 27. h6+ Kh7 28. Bh3 Qxe4 29. Re1 Qc2 30. Rxe5 Re8 31. Qxd4 Qc1+ 32. Ke2 Rad8 33. Bd7 Rxd7 34. Qxd7 Rxe5+ 35. Re3 Rxe3+ 36. fxe3 Qc4+ 37. Kf3 Kxh6 38. Qxa7 b5 39. a3 Qf1+ 40. Kg3 Qf5 41. Qd4 Kh7 42. Qh4+ Kg7 43. Qd4+ f6 44. Qf4 Qc5 45. Qd4 Qxa3 46. Qd7+ Kf8 47. Qxb5 Qxe3+ 48. Kh2 Qe5+ 49. Qxe5 fxe5 50. Kh3 Kf7 51. Kh4 Ke6 52. Kg5 Kd5 53. Kxg6 e4 54. Kh7 e3 55. g4 e2 56. g5 e1Q 57. g6 Qh4+ 58. Kg7 Ke6 0-1

[Event "Ambalangoda Dhamso op 1st"]
[Site "Ambalangoda"]
[Date "2011.04.23"]
[Round "6"]
[White "Chandrasiri, SAK"]
[Black "Egodage, Thilina Sampath"]
[Result "1-0"]
[WhiteElo "1658"]
[BlackElo "1800"]
[PlyCount "55"]
[EventDate "2011.04.21"]
[EventType "swiss"]
[EventRounds "9"]
[EventCountry "SRI"]
[SourceTitle "CBM 142 Extra"]
[Source "ChessBase"]
[SourceDate "2011.06.27"]
[SourceVersion "1"]
[SourceVersionDate "2011.06.27"]
[SourceQuality "1"]

1. e4 d6 2. d4 g6 3. Bc4 Bg7 4. Nf3 Nf6 5. Nc3 0-0 6. 0-0 Nbd7 7. e5 dxe5 8. dxe5 Ng4 9. e6 Nde5 10. exf7+ Kh8 11. Nxe5 Nxe5 12. Qxd8 Rxd8 13. Bb3 Bf5 14. Bg5 Bf6 15. Bxf6+ exf6 16. f4 Ng4 17. h4 Ne3 18. Rf2 c6 19. g4 Bd7 20. Re1 Nd5 21. Nxd5 cxd5 22. Bxd5 Kg7 23. Bxb7 Rab8 24. Bd5 Rxb2 25. Bb3 a5 26. a4 Bc6 27. Rfe2 f5 28. Re8 1-0